[Event "HUN-ch U14 Girls"]
[Site "Balatonlelle"]
[Date "2019.06.25"]
[Round "4"]
[White "Toth, Nikoletta"]
[Black "Kobol, Kitti"]
[Result "1-0"]
[WhiteElo "2010"]
[BlackElo "1318"]
[PlyCount "35"]
[EventDate "2019.06.22"]
[EventType "swiss"]
[EventRounds "7"]
[EventCountry "HUN"]
[SourceTitle "CBM 191 Extra"]
[Source "ChessBase"]
[SourceDate "2019.09.30"]
[SourceVersion "1"]
[SourceVersionDate "2019.09.30"]
[SourceQuality "1"]

1. Nf3 Nf6 2. g3 d5 3. Bg2 Bg4 4. 0-0 c5 5. c4 Nc6 6. cxd5 Nxd5 7. Nc3 e6 8. Qa4 f5 9. Ne5 Rc8 10. Nxd5 exd5 11. Nxg4 fxg4 12. Qxg4 Nd4 13. e3 Nc2 14. Qa4+ Rc6 15. Qxc2 Be7 16. Qb3 Rd6 17. Qxb7 0-0 18. Qxa7 1-0

[Event "Gyor Amateur op 15th"]
[Site "Gyor"]
[Date "2019.01.05"]
[Round "3"]
[White "Gergely, Andras"]
[Black "Kobol, Kitti"]
[Result "1-0"]
[WhiteElo "1282"]
[BlackElo "1289"]
[PlyCount "121"]
[EventDate "2019.01.05"]
[EventType "swiss"]
[EventRounds "5"]
[EventCountry "HUN"]
[SourceTitle "CBM 190 Extra"]
[Source "ChessBase"]
[SourceDate "2019.07.15"]
[SourceVersion "1"]
[SourceVersionDate "2019.07.15"]
[SourceQuality "1"]

1. d4 d5 2. Nf3 Nf6 3. c4 e6 4. Nc3 Be7 5. g3 b6 6. Bg2 Nbd7 7. cxd5 exd5 8. 0-0 c5 9. a3 Bb7 10. Bf4 0-0 11. Rc1 h5 12. h4 Rc8 13. Rc2 Ne4 14. Nxe4 dxe4 15. Ne5 cxd4 16. Rxc8 Qxc8 17. Qxd4 Nxe5 18. Bxe5 Qg4 19. e3 Rd8 20. Qa4 Qf5 21. Bf4 a6 22. Rc1 b5 23. Qa5 Rc8 24. Rxc8+ Qxc8 25. Qd2 f6 26. b4 g5 27. hxg5 fxg5 28. Be5 h4 29. Qa2+ Qc4 30. Qd2 Bd5 31. Bh3 Kf7 32. Bg4 Bf6 33. Bxf6 Kxf6 34. Be2 Qb3 35. Qd4+ Ke6 36. Bg4+ Kd6 37. Qb6+ Ke5 38. Qc7+ Kf6 39. Qd6+ Kg7 40. Qxa6 Qb1+ 41. Kg2 Bc4 42. Qb7+ Kf6 43. Qc6+ Kg7 44. Qd7+ Kf6 45. Qd6+ Kf7 46. Qd1 Qa2 47. Bf5 Bd3 48. Qh5+ Kf8 49. Qxg5 Qxa3 50. Qh6+ Ke7 51. Qe6+ Kf8 52. Bg6 Qa7 53. Qd6+ Kg7 54. Bh5 hxg3 55. Kxg3 Qb7 56. Kf4 Kg8 57. Qf6 Qc7+ 58. Kg5 Qh2 59. Bf7+ Kh7 60. Qg6+ Kh8 61. Qg8# 1-0

[Event "HUN-chT U18 2nd"]
[Site "Zalakaros"]
[Date "2018.07.28"]
[Round "6.31"]
[White "Gergely, Daniel"]
[Black "Kobol, Kitti"]
[Result "1/2-1/2"]
[WhiteElo "1186"]
[BlackElo "1224"]
[PlyCount "30"]
[EventDate "2018.07.26"]
[EventType "team-swiss"]
[EventRounds "7"]
[EventCountry "HUN"]
[SourceTitle "EXT 2019"]
[Source "ChessBase"]
[SourceDate "2018.10.10"]
[SourceVersion "1"]
[SourceVersionDate "2018.10.10"]
[SourceQuality "1"]

1. d4 d5 2. Bf4 c5 3. e3 Nc6 4. Nf3 Nf6 5. Nbd2 Qb6 6. dxc5 Qxb2 7. Nb3 Qc3+ 8. Nfd2 e5 9. Bg3 Bxc5 10. Be2 Bd6 11. 0-0 Ne7 12. Nf3 Qc7 13. Rc1 Bg4 14. Qd2 0-0 15. c4 Bxf3 1/2-1/2